000 00908nam a2200289 i 4500
001 000007260
003 DO-SdBNP
005 20260327134010.0
007 ta
008 171224s1999 dr 000 0 spa d
040 _aDO-SdBNP
_bspa
_cBNPHU
_erda
041 _hspa
082 4 _aRD863.44
_bM313L
_222
100 1 _aMarcallé Abreu, Roberto,
_4aut.
_eautor
_96622
245 1 4 _aLas siempre insólitas cartas del destino :
_b(detalles inéditos de una venganza) novela /
_cRoberto Marcallé Abreu
250 _aprimera edición
264 4 _aSanto Domingo :
_bCocolo Editorial,
_c©1999.
300 _a396 páginas ;
_c22 cm.
336 _atexto
_btxt
_2rdacontent
337 _bsin mediación
_an
_2rdamedia
338 _avolumen
_bnc
_2rdacarrier
590 _aInventariado, 2024/DG
650 4 _aNovela dominicana
_934660
650 4 _aLiteratura domicana
_986872
910 _aDG
942 _2ddc
_cLBS1
999 _c57967
_d57967